Simulácia vybraného podnikového procesu diplomová práca

Salvato in:
Dettagli Bibliografici
Autore principale: Ballon, Tomáš
Ente Autore: Fakulta hospodárskej informatiky EU. Katedra operačného výskumu a ekonometrie
Altri autori: Domonkos, Tomáš
Natura: Libro
Lingua:slovacco
Pubblicazione: Bratislava 2017
Tags: Aggiungi Tag
Nessun Tag, puoi essere il primo ad aggiungerne!!

MARC

LEADER 00000nbm a2200000 4500
001 0233034
005 20180215145145.8
041 0 |a slo 
044 |a SK 
245 1 0 |a Simulácia vybraného podnikového procesu  |b diplomová práca  |c Tomáš Ballon ; školiteľ: Tomáš Domonkos 
264 1 |a Bratislava  |c 2017 
300 |a 81 s. 
100 1 |a Ballon, Tomáš 
700 1 |a Domonkos, Tomáš 
710 2 |a Fakulta hospodárskej informatiky EU. Katedra operačného výskumu a ekonometrie